Peňažný obeh a úver vybrané kapitoly

Bibliographic Details
Main Author: Gallo, Pavol, 1925-1999 (Author)
Format: Book
Language:Slovak
PhysicalDescription:169 s. sch. 20 cm
Published: V Bratislave Vysoká škola ekonomická 1976
Edition:2. vyd.
Series:Vysokoškolské skriptá
Subjects:

MARC

LEADER 00000cam a2200000 a 4500
001 vtls001104426
003 SK-MaSNL
005 20260311133704.0
008 250414s1976 xo l frp 00000 slo
015 |a SNBA1976/02 
020 |q (brož.) 
035 |a SNK000047268 
040 |a SNK  |b slo  |c SNK  |e AACR2 
041 0 |a slo 
043 |a e-cs--- 
044 |a xo  |c SK 
072 7 |a 336.7  |x Financie  |2 konspekt 
072 7 |a 657  |x Účtovníctvo  |2 konspekt 
072 7 |a 37.016  |x Učebné osnovy. Vyučovacie predmety. Učebnice  |2 konspekt 
080 |a 336.717.16(437):336.741.236+336.77(075.8)  |2 1981 
080 |a 336.741.236  |2 1981 
080 |a 336.77(075.8)  |2 1981 
080 |a 378  |2 1981 
080 |a 336.717.16(437)(075.8)  |2 1981 
080 |a 336.711  |2 2011 
080 |a 657  |2 2011 
080 |a 336.741.236.1/.5  |2 2001 
080 |a 336.77  |2 2011 
080 |a (437)  |2 2011 
080 |a (075.8)  |2 2011 
100 1 |a Gallo, Pavol,  |d 1925-1999  |4 aut  |9 49180 
245 1 0 |a Peňažný obeh a úver  |b vybrané kapitoly  |c Pavol Gallo 
250 |a 2. vyd. 
260 |a V Bratislave  |b Vysoká škola ekonomická  |c 1976 
300 |a 169 s.  |b sch.  |c 20 cm 
366 |e 150 výtl. 
490 1 |a Vysokoškolské skriptá 
500 |a Na titulnom liste rok vydania 1973 
500 |a Vydala Vysoká škola ekonomická v Bratislave, Národohospodárska fakulta 
650 0 7 |a banky  |2 SNKPH  |9 2103 
650 0 7 |a účtovníctvo  |2 SNKPH  |9 649 
650 0 7 |a peňažný obeh  |2 SNKPH  |9 109759 
650 0 7 |a úvery  |2 SNKPH  |9 2375 
651 7 |a Československo  |2 SNKPHgeo  |9 21376 
655 7 |a učebnice vysokých škôl  |2 SNKPH  |9 70191 
710 2 |a Vysoká škola ekonomická v Bratislave.  |b Národohospodárska fakulta  |4 pbl  |9 124373 
752 |a Slovensko  |d Bratislava 
810 2 |a Vysoká škola ekonomická v Bratislave.  |b Národohospodárska fakulta  |t Vysokoškolské skriptá  |9 166968 
852 |a Slovenská národná knižnica 
954 |a odborná, vedecká literatúra pôvodná (slovenská)  |2 lita 
958 |a RK 
958 |a TL 
958 |a OND 
958 |a UV 
999 |c 855658  |d 857588 
952 |a SNK  |b SNK  |y VYP  |7 0  |p 17A1022264  |o snkSC 40140 D1  |i snkKSP 555/77  |0 0  |1 0  |4 0  |d 2014-07-14  |l 0  |r 2026-02-24 04:55:31  |w 2026-02-24